Fast Typing - Letters of Fast Typing in 15 Seconds - Statistics

General Stats
  • This quiz has been taken 89 times
  • The average score is 15 of 21
Answer Stats
Letter % Correct
F
100%
A
90%
S
90%
T
88%
T
88%
Y
86%
P
81%
G
76%
I
76%
N
76%
1
64%
I
64%
N
64%
5
62%
E
62%
S
62%
C
57%
D
55%
N
55%
O
55%
S
55%
No matching quizzes found
Score Distribution
Percent of People with Each Score
Percentile by Number Answered
Your Score History
You have not taken this quiz